000 00576nam a22002297a 4500
003 UA-OsUOA
001 49027
007 ta
008 20070917b un ||||| |||| 00| 0 ukr d
100 _aДяченко О.
090 _a821.161.2
_bД99
942 _cBK
040 _aUA-OsUOA
_bukr
_cUA-OsUOA
_dUA-OsUOA
245 _aПодвиг народу
300 _a246 с.
955 _a3
041 _aukr
080 _a821.161.2
260 _aК.
_bДніпро
_c1984
650 7 _a82 Література. Літературознавство
_2UDC
999 _c335138
_d335138